Geography Quiz

Random Geography or City Quiz

Airport Match 'Em Up Quiz Stats

 Plays Quiz Updated Oct 19, 2018

Support Sporcle.
Go Orange.
Score 0/25 Timer 04:00
5 Plays Today
% Correct
Los Angeles
94.4%
Bangkok
91.4%
Salt Lake City
90.9%
Seattle
90.4%
Geneva
90.2%
Honolulu
89.6%
Johannesburg
89.2%
Charlotte
88.6%
London
85.5%
Dubai
84.2%
Sacramento
78.2%
Washington DC
77.4%
Beijing
71.8%
% Correct
Baltimore
70.3%
Vancouver
69.8%
Newark
62.8%
Baghdad
62.3%
New York
61.4%
Paris
57.1%
Houston
54.8%
Mumbai
54.2%
Chicago
48.8%
Toronto
43.2%
Orlando
43%
Tokyo
39.7%

From the Vault

Remove Ads.
Support Sporcle.
Get the best of Sporcle when you Go Orange. This ad-free experience offers more features, more stats, and more fun while also helping to support Sporcle. Thank you for becoming a member.

Show Comments

Extras

Top Quizzes Today


Score Distribution

Your Account Isn't Verified!

In order to create a playlist on Sporcle, you need to verify the email address you used during registration. Go to your Sporcle Settings to finish the process.

Report this User

Report this user for behavior that violates our Community Guidelines.

Details: